| 000 | 00411nam a22001457a 4500 | ||
|---|---|---|---|
| 008 | 230808b |||||||| |||| 00| 0 eng d | ||
| 040 |
_aNational Science Library _cNational Science Library |
||
| 245 | _aAdvances in the biosciences 2 | ||
| 260 |
_aOxford: _bPergamon Press, _c1968 |
||
| 300 | _a353p. | ||
| 650 | _aScience | ||
| 653 | _aBiosciences | ||
| 700 | _aRaspe, Gerhard (Ed.) | ||
| 942 |
_2udc _cSYM |
||
| 999 |
_c58284 _d58284 |
||